5HLuxD.jpg

KING HENRY VIII SENIOR AND PRIMARY SCHOOL LIBRARY OPAC

DINOSAURS (Record no. 4746)

000 -LEADER
fixed length control field 00320nam a22001217a 4500
008 - FIXED-LENGTH DATA ELEMENTS--GENERAL INFORMATION
fixed length control field 250313b ||||| |||| 00| 0 eng d
020 ## - INTERNATIONAL STANDARD BOOK NUMBER
International Standard Book Number 9780711273733
082 ## - DEWEY DECIMAL CLASSIFICATION NUMBER
Classification number 567 HUR
100 ## - MAIN ENTRY--PERSONAL NAME
Personal name HURST,SARA
Relator term AUTHOR
245 ## - TITLE STATEMENT
Title DINOSAURS
260 ## - PUBLICATION, DISTRIBUTION, ETC.
Place of publication, distribution, etc. 6 BLUNDELL STREET,LONDON N7 9BH,UNITED KINGDOM
Name of publisher, distributor, etc. IVY KIDS
Date of publication, distribution, etc. 2018
942 ## - ADDED ENTRY ELEMENTS (KOHA)
Source of classification or shelving scheme
Holdings
Withdrawn status Lost status Source of classification or shelving scheme Damaged status Not for loan Collection code Permanent Location Current Location Shelving location Date acquired Total Checkouts Full call number Barcode Date last seen Date last checked out Price effective from Koha item type Public note
          Non-Fiction KH8 Primary School Library KH8 Primary School Library Non Fiction 2025-03-19 9 567 HUR KHPL000006580 2025-12-05 2025-11-18 2025-03-19 Books - Non Ficton KH8 PRIMARY LIBRARY

Powered By KH8 IT Dept